A Tale of Two Collectors: The Lithic Collections of Geoffrey Taylor and David Heys (with particular reference to the county of Yorkshire)

محفوظ في:

المؤلف الرئيسي: Keith Boughey

التنسيق: كتاب

اللغة: Undetermined

الوصول للمادة أونلاين: Login to view Source

الوسوم: إضافة وسم

لا توجد وسوم, كن أول من يضع وسما على هذه التسجيلة!

رقم الطلب:

LEADER 00536nmm a2200133Ia 4500
008 240716s9999||||xx |||||||||||||||||und||
020 |a 9781803276427 
020 |a 9781803276434 
100 |a Keith Boughey 
245 1 2 |a A Tale of Two Collectors: The Lithic Collections of Geoffrey Taylor and David Heys (with particular reference to the county of Yorkshire)  |c Keith Boughey 
264 |b Archaeopress Archaeology  |c 16-نوفمبر-23 
856 4 0 |u http://library.arce.org:8087/Archaeopress/Products/9781803276427 
942 |2 lcc  |c EBOOK 
999 |c 58989  |d 58989